000 00955cam a22002898a 4500
999 _c875
_d875
001 14429738
003 OSt
005 20200115112549.0
008 060627s2007 pau b 001 0 eng
020 _a9781437709742
035 _a(DNLM)101280889
040 _aDNLM/DLC
_cDLC
_dDLC
042 _apcc
082 0 0 _aQY25 R381h 2011
_222
100 _aMcPherson, Richard A.; Pincus, Matthew R.
_9433
245 0 0 _aHenry's Clinical Diagnosis and Management by Laboratory Methods
250 _a22nd ed.
260 _aPhiladelphia :
_bElsevier Saunders ,
_cc2011.
263 _a0608
300 _axxi,1543p. :
_c27 cm.
_bcol.ill;
504 _aIncludes bibliographical references and index.
650 1 2 _aClinical laboratory techniques.
_92371
730 0 _aClinical diagnosis and management by laboratory methods.
_92372
906 _a7
_bcbc
_corignew
_d1
_eocip
_f20
_gy-gencatlg
942 _2z
_cSLOAN